| 000 | 00442nmm a2200157Ia 4500 | ||
|---|---|---|---|
| 008 | 251105s9999||||xx |||||||||||||||||und|| | ||
| 020 | _a9781558852310 | ||
| 041 | _aeng | ||
| 100 | _aJuárez, Tina | ||
| 245 | 0 | _aSouth wind come | |
| 264 |
_a[Washington, Estados Unidos] : _bArte Público Press, _c2017 |
||
| 300 | _a288 páginas | ||
| 650 | _aHistorical fiction | ||
| 856 | _uhttps://public.digitaliapublishing.com/a/47283 | ||
| 942 | _cCF | ||
| 999 |
_c74682 _d74682 |
||